000
00263nam a2200121Ia 4500
100
_a
Schildt/ H.
942
_c
BK
654
_a
Computer
245
_a
Windows 95 Programming in C and C++
260
_b
Osborne
_a
New York
_c
1995
546
_a
ENGLISH
999
_c
27467
_d
27467